=LDR 00000nam 2200000 4500 =001 NUTBA000000000006146 =005 20200929073602 =035 ##$$a 0010-111400000000625 =008 200929###########################0###### =020 ##$$a 978-979-078-261-7 =082 ##$$a 30-1.976 =245 ##$$a Sosiologi untuk SMA Kelas XII =260 ##$$a JAKARTA :$b DIAN RAKYAT,$c 2012 =300 ##$$a X; 188 Hlm : $b Ilus =850 ##$$aNBPNMAT =990 ##$$a 0001/BPAP-NTB/20142014